[Event "GER-chT U20"]
[Site "Magdeburg"]
[Date "2023.12.28"]
[Round "4.2"]
[White "Kvantaliani, Saba"]
[Black "Buehring, Marwin"]
[Result "0-1"]
[WhiteElo "1963"]
[BlackElo "1427"]
[PlyCount "103"]
[EventDate "2023.12.26"]
[EventType "team-swiss"]
[EventRounds "7"]
[EventCountry "GER"]
[SourceTitle "CB03_2024"]
[SourceDate "2024.01.17"]
[SourceVersion "1"]
[SourceVersionDate "2024.01.17"]
[SourceQuality "1"]
[WhiteTeam "Muenster 32"]
[BlackTeam "Plauen Koenig"]
[WhiteTeamCountry "GER"]
[BlackTeamCountry "GER"]

1. c4 Nf6 2. Nc3 c5 3. g3 e6 4. Bg2 d5 5. cxd5 exd5 6. d4 h6 7. e3 cxd4 8. exd4 Nc6 9. Nf3 Bf5 10. 0-0 Be7 11. Ne5 0-0 12. Re1 Rc8 13. h4 Be6 14. a3 Qb6 15. Na4 Qc7 16. Bf4 Bd6 17. Rc1 Nd7 18. Nc3 Bxe5 19. dxe5 Nb6 20. Nb5 Qd7 21. Nd6 Rcd8 22. Qd3 Ne7 23. Qd4 Nf5 24. Nxf5 Bxf5 25. e6 Bxe6 26. Rc7 Qa4 27. Qxa4 Nxa4 28. Rxb7 d4 29. Be5 d3 30. Rb4 Nc5 31. Bd4 a5 32. Bxc5 axb4 33. Bxb4 Bb3 34. Bd2 Rfe8 35. Kf1 f6 36. Be4 Re5 37. Re3 Rc5 38. Ke1 Rc2 39. Bxd3 Rxb2 40. h5 Bf7 41. a4 Bxh5 42. f3 Be8 43. Bc3 Rb7 44. a5 Bc6 45. a6 Ra7 46. Ke2 Kf7 47. Bb4 Rd5 48. Kf2 Bb5 49. Bc2 Re5 50. Bb3+ Ke8 51. Rc3 Rxa6 52. f4 0-1

[Event "GER-chT U20"]
[Site "Magdeburg"]
[Date "2023.12.27"]
[Round "1.7"]
[White "Buehring, Marwin"]
[Black "Mark, Erwin Nikolaus"]
[Result "1-0"]
[WhiteElo "1427"]
[BlackElo "1304"]
[PlyCount "80"]
[EventDate "2023.12.26"]
[EventType "team-swiss"]
[EventRounds "7"]
[EventCountry "GER"]
[SourceTitle "CB03_2024"]
[SourceDate "2024.01.17"]
[SourceVersion "1"]
[SourceVersionDate "2024.01.17"]
[SourceQuality "1"]
[WhiteTeam "Plauen Koenig"]
[BlackTeam "Essen Katernberg"]
[WhiteTeamCountry "GER"]
[BlackTeamCountry "GER"]

1. e4 e6 2. d4 d5 3. exd5 exd5 4. Bd3 Nf6 5. h3 Be7 6. Nf3 0-0 7. 0-0 c5 8. dxc5 Bxc5 9. Nc3 Be6 10. Bg5 Be7 11. Nd4 Nbd7 12. Re1 Qb6 13. Rb1 Bc5 14. Na4 Qd6 15. Bxf6 Nxf6 16. Nxc5 Qxc5 17. Nxe6 fxe6 18. Rxe6 Rae8 19. Rxe8 Rxe8 20. Qd2 Rf8 21. Re1 g6 22. Re6 Qd4 23. c3 Qc5 24. Qe2 Nh5 25. Re7 Nf4 26. Qe5 Qxf2+ 27. Kxf2 Nxd3+ 28. Ke3 Nxe5 29. Rxe5 Rd8 30. Re7 Rd6 31. Rxb7 Ra6 32. a3 Ra5 33. Kd4 a6 34. Rd7 Rb5 35. b4 Rb6 36. Kxd5 Rf6 37. c4 Rf2 38. c5 h5 39. c6 Kf8 40. c7 Rd2+ 1-0

[Event "GER-chT U14"]
[Site "Willingen"]
[Date "2021.06.27"]
[Round "7.7"]
[White "Buehring, Marwin"]
[Black "Krishnachandran, Srihari"]
[Result "1-0"]
[WhiteElo "1356"]
[BlackElo "1323"]
[PlyCount "130"]
[EventDate "2021.06.23"]
[EventType "team-swiss"]
[EventRounds "7"]
[EventCountry "GER"]
[SourceTitle "EXT 2022"]
[Source "ChessBase"]
[SourceDate "2021.10.06"]
[SourceVersion "1"]
[SourceVersionDate "2021.10.06"]
[SourceQuality "1"]
[WhiteTeam "Plauen Koenig"]
[BlackTeam "Duesseldorf SV"]
[WhiteTeamCountry "GER"]
[BlackTeamCountry "GER"]

1. e4 c5 2. Nc3 d6 3. f4 Nc6 4. Bb5 Bd7 5. Nf3 Nf6 6. d3 e6 7. 0-0 a6 8. Bxc6 Bxc6 9. Bd2 Be7 10. Qe1 0-0 11. f5 b5 12. e5 dxe5 13. Nxe5 Bb7 14. Kh1 b4 15. Ne2 Nh5 16. Nf4 Nxf4 17. Rxf4 Qd5 18. Nf3 Bd6 19. Rh4 Qxf5 20. Rh3 Bxf3 21. Rxf3 Qe5 22. Bf4 Qxe1+ 23. Rxe1 Bxf4 24. Rxf4 Rfd8 25. Rc4 Rd5 26. Kg1 Rc8 27. Ree4 e5 28. Kf2 f5 29. Rh4 Rd4 30. Rhxd4 exd4 31. Kf3 Kf7 32. c3 dxc3 33. bxc3 bxc3 34. Rxc3 Ke6 35. Kf4 h6 36. h4 g6 37. Rc4 Rc6 38. d4 Kf6 39. Rxc5 Rxc5 40. dxc5 g5+ 41. hxg5+ hxg5+ 42. Ke3 Ke5 43. c6 Kd6 44. Kd4 Kxc6 45. Ke5 g4 46. Kxf5 g3 47. Kf4 Kb5 48. Kxg3 Kb4 49. Kf4 Ka3 50. g4 Kxa2 51. g5 a5 52. g6 a4 53. g7 a3 54. g8Q+ Ka1 55. Qb8 a2 56. Qe5+ Kb1 57. Qe1+ Kb2 58. Qd2+ Kb1 59. Qb4+ Ka1 60. Qa3 Kb1 61. Qd3+ Ka1 62. Qf1+ Kb2 63. Qg2+ Ka1 64. Ke3 Kb1 65. Kd3 a1N 1-0

[Event "GER-chT U14"]
[Site "Willingen"]
[Date "2021.06.24"]
[Round "2.7"]
[White "Buehring, Marwin"]
[Black "Wagner, Alexander2222"]
[Result "1/2-1/2"]
[WhiteElo "1356"]
[BlackElo "1522"]
[PlyCount "109"]
[EventDate "2021.06.23"]
[EventType "team-swiss"]
[EventRounds "7"]
[EventCountry "GER"]
[SourceTitle "EXT 2022"]
[Source "ChessBase"]
[SourceDate "2021.10.06"]
[SourceVersion "1"]
[SourceVersionDate "2021.10.06"]
[SourceQuality "1"]
[WhiteTeam "Plauen Koenig"]
[BlackTeam "Schott Jena"]
[WhiteTeamCountry "GER"]
[BlackTeamCountry "GER"]

1. e4 e5 2. Nf3 Nc6 3. d4 exd4 4. Bc4 Nf6 5. 0-0 Nxe4 6. Re1 d5 7. Bxd5 Qxd5 8. Nc3 Qh5 9. Nxe4 Be6 10. Nxd4 Qxd1 11. Rxd1 Rd8 12. Be3 Bd6 13. Nxc6 bxc6 14. Rd4 0-0 15. Ra4 Bf5 16. c3 Rfe8 17. Nxd6 cxd6 18. Rxa7 c5 19. Rd1 Bg4 20. Rd5 Be6 21. Rd2 f5 22. Ra6 Bxa2 23. Rxa2 f4 24. Re2 fxe3 25. Rxe3 Rxe3 26. fxe3 Kf7 27. Kf2 Rb8 28. Kf3 Ke6 29. Ke4 d5+ 30. Kd3 Ke5 31. c4 Rb3+ 32. Kc2 Rxe3 33. Kd2 Re4 34. cxd5 Kxd5 35. Ra5 g5 36. Kd3 Rd4+ 37. Kc3 Rc4+ 38. Kd3 h5 39. b3 Rd4+ 40. Kc3 h4 41. Ra4 Rd1 42. Rg4 Rc1+ 43. Kd2 Ra1 44. Rxg5+ Kc6 45. Kc3 Ra2 46. b4 cxb4+ 47. Kxb4 h3 48. Kc4 Rc2+ 49. Kd3 Rxg2 50. Rh5 Rxh2 51. Ke3 Rb2 52. Kf3 h2 53. Kg3 Kd6 54. Rxh2 Rxh2 55. Kxh2 1/2-1/2